Southville International School and Colleges
Your cart is empty.
  • Cart
  • Lists
    Public lists Eva Luna New books Lux_list list_1
    Your lists Log in to create your own lists
  • Log in to your account
  • Your cookies
  • Search history
Southville International School and Colleges
  • Advanced search
  • Recent comments
  • Most popular
  • Libraries

Log in to your account

Log in with GOOGLE


If you do not have an external account, but do have a local account, you can still log in:

  1. Home
  2. MARC view: Inkdeath /
Normal view MARC view ISBD view

Inkdeath / (Record no. 10713)

[ view plain ]
MARC details
000 -LEADER
fixed length control field 01801cam a2200445 a 4500
001 - CONTROL NUMBER
control field 15349684
003 - CONTROL NUMBER IDENTIFIER
control field LC
005 - DATE AND TIME OF LATEST TRANSACTION
control field 20160329144645.0
008 - FIXED-LENGTH DATA ELEMENTS--GENERAL INFORMATION
fixed length control field 080630s2008 nyua c 000 1 eng
010 ## - LIBRARY OF CONGRESS CONTROL NUMBER
LC control number 2008019922
020 ## - INTERNATIONAL STANDARD BOOK NUMBER
International Standard Book Number 9780439866286
040 ## - CATALOGING SOURCE
Original cataloging agency DLC
Transcribing agency DLC
Modifying agency DLC
041 1# - LANGUAGE CODE
Language code of text/sound track or separate title eng
Language code of original and/or intermediate translations of text ger
042 ## - AUTHENTICATION CODE
Authentication code lcac
050 00 - LIBRARY OF CONGRESS CALL NUMBER
Classification number PZ 7
Item number .F982 2008
082 00 - DEWEY DECIMAL CLASSIFICATION NUMBER
Classification number FIC
Item number F96i 20083
100 1# - MAIN ENTRY--PERSONAL NAME
Personal name Funke, Cornelia Caroline.
9 (RLIN) 17287
240 10 - UNIFORM TITLE
Uniform title <a href="Tintentod.">Tintentod.</a>
Language of a work English
245 10 - TITLE STATEMENT
Title Inkdeath /
Statement of responsibility, etc Cornelia Funke ; translated from the German by Anthea Bell.
250 ## - EDITION STATEMENT
Edition statement 1st American ed.
260 ## - PUBLICATION, DISTRIBUTION, ETC. (IMPRINT)
Place of publication, distribution, etc New York :
Name of publisher, distributor, etc Chicken House/Scholastic Inc.,
Date of publication, distribution, etc 2008.
300 ## - PHYSICAL DESCRIPTION
Extent 683 p. :
Other physical details ill. ;
Dimensions 20 cm.
440 ## - SERIES STATEMENT/ADDED ENTRY--TITLE
Title Inkworld Trilogy.
9 (RLIN) 17389
500 ## - GENERAL NOTE
General note "Cover, map, and chapter-head illustrations ... by Carol Lawson"--Copyright p.
500 ## - GENERAL NOTE
General note Sequel to Inkspell.
520 ## - SUMMARY, ETC.
Summary, etc As Bluejay--Mo's fictitious double--tries to keep the Book of Immortality from unraveling, Adderhead kidnaps all the children in the kingdom, asking for Bluejay's surrender or the children will be doomed to slavery in the silver mines.
526 ## - STUDY PROGRAM INFORMATION NOTE
Reading level 830L
650 #1 - SUBJECT ADDED ENTRY--TOPICAL TERM
Topical term or geographic name as entry element Kidnapping
Form subdivision Fiction.
9 (RLIN) 17427
650 #1 - SUBJECT ADDED ENTRY--TOPICAL TERM
Topical term or geographic name as entry element Books and reading
Form subdivision Fiction.
9 (RLIN) 17428
650 #1 - SUBJECT ADDED ENTRY--TOPICAL TERM
Topical term or geographic name as entry element Bookbinding
Form subdivision Fiction.
9 (RLIN) 17429
650 #1 - SUBJECT ADDED ENTRY--TOPICAL TERM
Topical term or geographic name as entry element Characters in literature
Form subdivision Fiction.
9 (RLIN) 17430
650 #1 - SUBJECT ADDED ENTRY--TOPICAL TERM
Topical term or geographic name as entry element Magic
Form subdivision Fiction.
9 (RLIN) 17431
700 1# - ADDED ENTRY--PERSONAL NAME
Personal name Bell, Anthea.
9 (RLIN) 17421
856 41 - ELECTRONIC LOCATION AND ACCESS
Materials specified Table of contents only
Uniform Resource Identifier <a href="http://www.loc.gov/catdir/toc/ecip0822/2008019922.html">http://www.loc.gov/catdir/toc/ecip0822/2008019922.html</a>
856 42 - ELECTRONIC LOCATION AND ACCESS
Materials specified Publisher description
Uniform Resource Identifier <a href="http://www.loc.gov/catdir/enhancements/fy1116/2008019922-d.html">http://www.loc.gov/catdir/enhancements/fy1116/2008019922-d.html</a>
906 ## - LOCAL DATA ELEMENT F, LDF (RLIN)
a 7
b cbc
c orignew
d 1
e ecip
f 20
g y-gencatlg
942 ## - ADDED ENTRY ELEMENTS (KOHA)
Source of classification or shelving scheme Library of Congress Classification
Koha item type Books
Holdings
Withdrawn status Lost status Source of classification or shelving scheme Damaged status Home library Current library Shelving location Date acquired Total Checkouts Full call number Barcode Date last seen Date checked out Copy number Price effective from Koha item type
    Library of Congress Classification   Luxembourg Library Luxembourg Library Fiction Section 09/09/2013 1 PZ 7 .F96624Ik 2008 17988 01/24/2017 10/25/2016 1 10/03/2013 Books

Inkdeath /

APA

Funke C. C., Bell A., . (2008). Inkdeath. New York: Chicken House/Scholastic Inc.

Chicago

Funke Cornelia Caroline, Bell Anthea, . 2008. Inkdeath. New York: Chicken House/Scholastic Inc.

Harvard

Funke C. C., Bell A., . (2008). Inkdeath. New York: Chicken House/Scholastic Inc.

MLA

Funke Cornelia Caroline, Bell Anthea, . Inkdeath. New York: Chicken House/Scholastic Inc. 2008.

  • Place hold
  • Print
  • Cite
  • Add to your cart (remove)
  • Save record
    BIBTEX Dublin Core MARCXML MARC (non-Unicode/MARC-8) MARC (Unicode/UTF-8) MARC (Unicode/UTF-8, Standard) MODS (XML) RIS
  • More searches
    Search for this title in:
    Other Libraries (WorldCat) Other Databases (Google Scholar) Online Stores (Bookfinder.com) Open Library (openlibrary.org)

Exporting to Dublin Core...

SOUTHVILLE LIBRARY

Southville International School and Colleges Library

1281 Tropical Ave. Cor. Luxembourg St., BF Homes International, Las Pinas City

Tel. No. 8256374 / 252358 Loc. 117/146

Powered by Koha